| 000 | 01288cab a2200193 4500 | ||
|---|---|---|---|
| 001 | L130603 | ||
| 008 | 050816n2005 000 0 eng u | ||
| 035 | _a(Sirsi) u130603 | ||
| 041 | _aeng | ||
| 100 | _aBrewer, Geoff | ||
| 245 | 4 | _aThe definition of working days | |
| 260 | _c2005 | ||
| 490 |
_aContract Journal _v429(6537) 10 August 2005, 22(1) |
||
| 520 | _aDiscusses the case "Lafarge (Aggregates) Ltd v Newham LBC" [2005 EWHC 1337 (Comm) where there was a dispute over the interpretation of working days in a clause in a contract regarding the service of a notice. The dispute arose over the dating of a notice which was dated 13 October, a Saturday. The court decided that the arbitrator had actually made his decision in an email on 13 August and that consequently the arbitrator had no jurisdiction as the reference to him was not made in time in accordance to the contract provisions. It was also decided that the expression a working day referred to a normal office day and that a notice to refer to arbitration could have been served effectively on a Saturday. | ||
| 590 | _aIKA300805 | ||
| 650 | _aLAFARGE (AGGREGATES) LTD V NEWHAM LBC | ||
| 690 | _aMANAGEMENT-DISPUTE AVOIDANCE, MANAGEMENT AND RESOLUTION-DISPUTE MANAGEMENT AND RESOLUTION-ARBITRATION | ||
| 942 | _n0 | ||
| 999 |
_c75722 _d75722 |
||